Grösste Städte Europas ohne Hauptstädte - Statistiken

Allgemein
  • Dieses Quiz wurde 149 mal gespielt
  • Das Durchschnittsergebnis liegt bei 33 aus 50
Antwortstatistiken
Einwohner Antwort % Korrekt
1.702.547 Spanien Barcelona
100%
15.701.602 Türkei Istanbul
100%
1.862.565 Deutschland Hamburg
99%
1.505.005 Deutschland München
99%
1.024.621 Deutschland Köln
96%
1.366.155 Italien Mailand
96%
877.215 Frankreich Marseille
89%
589.670 England Manchester
88%
1.183.618 England Birmingham
87%
756.021 Deutschland Frankfurt am Main
87%
908.082 Italien Neapel
86%
618.685 Deutschland Düsseldorf
83%
670.610 Niederlande Rotterdam
83%
612.663 Deutschland Stuttgart
83%
603.462 Deutschland Dortmund
80%
856.745 Italien Turin
80%
809.168 Polen Krakau
78%
825.948 Spanien Valencia
78%
611.850 Deutschland Leipzig
77%
631.970 Schottland Glasgow
76%
508.961 England Liverpool
76%
520.774 Frankreich Lyon
76%
586.271 Deutschland Bremen
75%
574.682 Deutschland Essen
75%
564.094 Deutschland Dresden
74%
522.131 Deutschland Hannover
72%
529.508 Deutschland Nürnberg
72%
687.488 Spanien Sevilla
69%
625.956 Italien Palermo
62%
1.010.537 Ukraine Odessa
61%
845.189 England Leeds
59%
901.645 Ukraine Donezk
58%
563.947 Italien Genua
58%
562.002 Belgien Antwerpen
57%
566.221 Niederlande Den Haag
57%
502.270 Deutschland Duisburg
57%
608.993 Schweden Göteborg
57%
1.421.125 Ukraine Charkiw
54%
591.637 Spanien Malaga
53%
672.882 Polen Breslau
43%
717.273 Ukraine Lwiw
42%
511.684 Frankreich Toulouse
42%
582.493 England Sheffield
41%
536.151 Polen Posen
40%
645.693 Polen Lodz
39%
968.502 Ukraine Dnipro
32%
686.986 Spanien Saragossa
31%
710.052 Ukraine Saporischschja
7%
563.605 England Bradford
6%
603.904 Ukraine Krywyj Rih
2%
Keine übereinstimmenden Quizze gefunden
Verteilung der Resultate
Anzahl Personen mit jedem Resultat
Perzentil nach korrekt beantworteten Fragen
Ihre Resultats-Entwicklung
Sie haben dieses Quiz noch nicht gespielt